|
|
|
|
| LEADER |
00000cas a2200000 a 4500 |
| 001 |
vtls009487575 |
| 003 |
SK-MaSNL |
| 005 |
20260228155940.0 |
| 008 |
090327d20072021xo qr|p 0 b0slo |
| 022 |
|
|
|a 1339-7532
|
| 040 |
|
|
|a SNK
|b slo
|c SNK
|e AACR2
|
| 041 |
0 |
|
|a slo
|a hun
|
| 043 |
|
|
|a e-xo---
|
| 044 |
|
|
|a xo
|c SK
|
| 072 |
|
7 |
|a 352/354
|x Stupne miestnej, oblastnej a ústrednej správy
|2 konspekt
|
| 072 |
|
7 |
|a 316.7
|x Sociológia kultúry. Kultúrny život
|2 konspekt
|
| 072 |
|
7 |
|a 394
|x Verejný a spoločenský život. Každodenný život
|2 konspekt
|
| 080 |
|
|
|a (437.6)
|2 2011
|
| 080 |
|
|
|a 050
|2 2011
|
| 080 |
|
|
|a (051)+(054)
|2 2011
|
| 080 |
|
|
|a 353.9
|2 2011
|
| 080 |
|
|
|a 316.728
|2 2011
|
| 080 |
|
|
|a 394
|2 2011
|
| 210 |
0 |
|
|a Žiriansky sprav.
|
| 222 |
|
0 |
|a Žiriansky spravodajca
|
| 245 |
0 |
0 |
|a Žiriansky spravodaj
|
| 246 |
1 |
1 |
|a Zsérei hírmondó
|
| 246 |
1 |
3 |
|a Žiriansky spravodajca
|f 2/2007-
|
| 260 |
|
|
|a Žirany
|b Obecný úrad
|c 2007-2021
|
| 300 |
|
|
|a 15 zv.
|c 21 cm
|
| 310 |
|
|
|a 4x ročne
|
| 362 |
0 |
|
|a Roč. 1, č. 1 (apríl 2007) - roč. 14, č. 3 (dec. 2021)
|
| 500 |
|
|
|a Zvratmo písaný text v maďarčine
|
| 500 |
|
|
|a Podnázov od č. 2/2007: časopis obyvateľov obce Žirany
|
| 500 |
|
|
|a Evidenčné č.: EV 3932/09
|
| 515 |
|
|
|a Rok 2015 má označenie roč. 8
|
| 546 |
|
|
|a Text aj v maďarčine
|
| 650 |
0 |
7 |
|a územná samospráva
|2 SNKPH
|9 802
|
| 650 |
0 |
7 |
|a každodenný život
|2 SNKPH
|9 4946
|
| 651 |
|
7 |
|a Žirany (Slovensko)
|2 SNKPHgeo
|9 89687
|
| 655 |
|
7 |
|a miestne periodiká
|2 SNKPH
|9 160938
|
| 910 |
|
|
|a snk
|
| 999 |
|
|
|c 974
|d 974
|
| 952 |
|
|
|0 0
|1 0
|4 0
|7 0
|8 0
|a SNK
|b SNK
|d 2021-11-15
|i snk2021/18252
|l 0
|o snkČSC 3826/11/2018
|p 17A1436232
|r 2026-02-21 19:29:20
|t č. 1-4
|w 2026-02-21
|y PREZ
|
| 952 |
|
|
|0 0
|1 0
|4 0
|7 0
|8 0
|a SNK
|b SNK
|d 2021-11-15
|i snk2021/18253
|l 0
|o snkČSC 3826/12/2019
|p 17A1436233
|r 2026-02-21 19:29:21
|t č. 1-3
|w 2026-02-21
|y PREZ
|
| 952 |
|
|
|0 0
|1 0
|4 0
|7 0
|8 0
|a SNK
|b SNK
|d 2021-11-15
|i snk2021/18254
|l 0
|o snkČSC 3826/13/2020
|p 17A1436234
|r 2026-02-21 19:29:21
|t č. 1-3
|w 2026-02-21
|y PREZ
|
| 952 |
|
|
|0 0
|1 0
|4 0
|7 0
|8 0
|a SNK
|b SNK
|d 2024-08-22
|i snk2024/13377
|l 0
|o snkČSC 3826/14/2021
|p 17A1524223
|r 2026-02-21 20:01:19
|t č. 1-3
|w 2026-02-21
|y PREZ
|
| 952 |
|
|
|0 0
|1 0
|4 0
|7 0
|8 0
|a SNK
|b SNK
|d 2018-06-08
|i snk2018/12474
|l 0
|o snkČSC 3826/1/2007
|p 17A1326306
|r 2026-02-21 22:12:57
|t č. 1-4
|w 2026-02-21
|y PREZ
|
| 952 |
|
|
|0 0
|1 0
|4 0
|7 0
|8 0
|a SNK
|b SNK
|d 2018-06-08
|i snk2018/12474
|l 0
|o snkČSC 3826/2/2008
|p 17A1326307
|r 2026-02-21 22:12:57
|t č. 1-4
|w 2026-02-21
|y PREZ
|
| 952 |
|
|
|0 0
|1 0
|4 0
|7 0
|8 0
|a SNK
|b SNK
|d 2018-06-08
|i snk2018/12474
|l 0
|o snkČSC 3826/3/2009
|p 17A1326308
|r 2026-02-21 22:12:57
|t č. 1-4
|w 2026-02-21
|y PREZ
|
| 952 |
|
|
|0 0
|1 0
|4 0
|7 0
|8 0
|a SNK
|b SNK
|d 2018-06-08
|i snk2018/12474
|l 0
|o snkČSC 3826/4/2010
|p 17A1326309
|r 2026-02-21 22:12:57
|t č. 1-4
|w 2026-02-21
|y PREZ
|
| 952 |
|
|
|0 0
|1 0
|4 0
|7 0
|8 0
|a SNK
|b SNK
|d 2018-06-08
|i snk2018/12475
|l 0
|o snkČSC 3826/5/2011
|p 17A1326310
|r 2026-02-21 22:12:57
|t č. 1-4
|w 2026-02-21
|y PREZ
|
| 952 |
|
|
|0 0
|1 0
|4 0
|7 0
|8 0
|a SNK
|b SNK
|d 2018-06-08
|i snk2018/12475
|l 0
|o snkČSC 3826/6/2012
|p 17A1326311
|r 2026-02-21 22:12:57
|t č. 1-4
|w 2026-02-21
|y PREZ
|
| 952 |
|
|
|0 0
|1 0
|4 0
|7 0
|8 0
|a SNK
|b SNK
|d 2018-06-08
|i snk2018/12475
|l 0
|o snkČSC 3826/7/2013
|p 17A1326312
|r 2026-02-21 22:12:57
|t č. 1-4
|w 2026-02-21
|y PREZ
|
| 952 |
|
|
|0 0
|1 0
|4 0
|7 0
|8 0
|a SNK
|b SNK
|d 2018-06-08
|i snk2018/12475
|l 0
|o snkČSC 3826/8/2014
|p 17A1326313
|r 2026-02-21 22:12:57
|t č. 1-4
|w 2026-02-21
|y PREZ
|
| 952 |
|
|
|0 0
|1 0
|4 0
|7 0
|8 0
|a SNK
|b SNK
|d 2018-06-08
|i snk2018/12476
|l 0
|o snkČSC 3826/8/2015
|p 17A1326314
|r 2026-02-21 22:12:59
|t č. 1-4
|w 2026-02-21
|y PREZ
|
| 952 |
|
|
|0 0
|1 0
|4 0
|7 0
|8 0
|a SNK
|b SNK
|d 2018-06-08
|i snk2018/12476
|l 0
|o snkČSC 3826/9/2016
|p 17A1326315
|r 2026-02-21 22:13:00
|t č. 1-4
|w 2026-02-21
|y PREZ
|
| 952 |
|
|
|0 0
|1 0
|4 0
|7 0
|8 0
|a SNK
|b SNK
|d 2018-06-08
|i snk2018/12476
|l 0
|o snkČSC 3826/10/2017
|p 17A1326316
|r 2026-02-21 22:13:00
|t č. 1-4
|w 2026-02-21
|y PREZ
|